[Event "ARM-ch (Women) 62nd"]
[Site "Yerevan"]
[Date "2008.01.21"]
[Round "9"]
[White "Galojan, Lilit"]
[Black "Gasparian, Mariana"]
[Result "1-0"]
[WhiteElo "2307"]
[BlackElo "2070"]
[PlyCount "61"]
[EventDate "2008.01.13"]
[EventType "tourn"]
[EventRounds "9"]
[EventCountry "ARM"]
[SourceTitle "CBM 122 Extra"]
[Source "ChessBase"]
[SourceDate "2008.03.04"]
[SourceVersion "1"]
[SourceVersionDate "2008.03.04"]
[SourceQuality "1"]

1. d4 d5 2. c4 c6 3. Nd2 Nf6 4. Ngf3 e6 5. g3 Bd6 6. Bg2 0-0 7. 0-0 Nbd7 8. Re1 b6 9. e4 dxe4 10. Ng5 Bb7 11. Ndxe4 Nxe4 12. Nxe4 Be7 13. Bf4 Nf6 14. Nc3 Rc8 15. Qa4 a5 16. Rad1 Bd6 17. Be5 Qc7 18. Qb3 Nd7 19. Bxd6 Qxd6 20. c5 Qc7 21. Ne4 Rb8 22. Qc3 bxc5 23. dxc5 Rbd8 24. Rd6 Nb8 25. Red1 Na6 26. R1d4 e5 27. Rxd8 Rxd8 28. Rxd8+ Qxd8 29. Nd6 Qe7 30. Qxa5 g6 31. Qb6 1-0

[Event "Wch U20 Girls"]
[Site "Yerevan"]
[Date "2000.09.26"]
[Round "8"]
[White "Gasparian, Mariana"]
[Black "Kaps, Darja"]
[Result "1-0"]
[WhiteElo "2090"]
[BlackElo "2180"]
[PlyCount "65"]
[EventDate "2000.09.02"]
[EventType "swiss"]
[EventRounds "13"]
[EventCountry "ARM"]
[SourceTitle "CBM 078 Extra"]
[Source "ChessBase"]
[SourceDate "2000.11.10"]
[SourceVersion "1"]
[SourceVersionDate "2000.11.10"]
[SourceQuality "1"]

1. d4 Nf6 2. Nf3 g6 3. c4 Bg7 4. g3 0-0 5. Bg2 d6 6. 0-0 Nc6 7. d5 Na5 8. Nfd2 c5 9. Nc3 a6 10. Rb1 Rb8 11. Qc2 Bh6 12. b3 b5 13. f4 Ng4 14. Nd1 e6 15. Bb2 f5 16. e4 bxc4 17. bxc4 Bd7 18. h3 Nf6 19. Ne3 exd5 20. Nxd5 Nxd5 21. exd5 Rxb2 22. Qxb2 Bg7 23. Qb6 Bc3 24. Qxd8 Rxd8 25. Nf3 Bb4 26. Rfc1 Re8 27. Bf1 h6 28. Kf2 Kg7 29. Rc2 Kf6 30. a3 Bxa3 31. Ra2 Bb4 32. Rxb4 cxb4 33. Rxa5 1-0

[Event "Wch U20 Girls"]
[Site "Yerevan"]
[Date "1999.09.25"]
[Round "8"]
[White "Turova, Irina"]
[Black "Gasparian, Mariana"]
[Result "1-0"]
[WhiteElo "2295"]
[BlackElo "2075"]
[PlyCount "131"]
[EventDate "1999.09.18"]
[EventType "swiss"]
[EventRounds "13"]
[EventCountry "ARM"]
[SourceTitle "CBM 072 Extra"]
[Source "ChessBase"]
[SourceDate "1999.11.18"]
[SourceVersion "1"]
[SourceVersionDate "1999.11.18"]
[SourceQuality "1"]

1. Nf3 d5 2. c4 c6 3. d4 Nf6 4. Nc3 e6 5. e3 Bd6 6. Qc2 Nbd7 7. b3 e5 8. cxd5 Nxd5 9. Bb2 Nxc3 10. Bxc3 Qe7 11. Be2 e4 12. Nd2 Nf6 13. 0-0 0-0 14. Nc4 Bc7 15. Bb2 Re8 16. Ba3 Qe6 17. f4 exf3 18. Bxf3 Ng4 19. Bxg4 Qxg4 20. Bd6 Bxd6 21. Nxd6 Rxe3 22. Qf2 Re7 23. Nxf7 Be6 24. Ne5 Qg5 25. Rae1 Ree8 26. Nxc6 bxc6 27. Rxe6 Rf8 28. Qe2 Rxf1+ 29. Qxf1 Qd2 30. Qf2 Qc3 31. Re3 Qb4 32. Re1 Rd8 33. h3 h6 34. Rd1 Rd5 35. Rc1 Rxd4 36. Rxc6 Rd1+ 37. Kh2 Qb8+ 38. g3 Qd8 39. Rc2 a5 40. Qe2 Rd4 41. Qe6+ Kh7 42. Qf5+ g6 43. Qf7+ Kh8 44. Qf2 Kh7 45. Re2 Rd7 46. Qf4 h5 47. h4 Qc7 48. Qc4 Qd8 49. b4 Rc7 50. Qe4 axb4 51. Qxb4 Qf6 52. a4 g5 53. Qa5 Rg7 54. Qc5 gxh4 55. Qxh5+ Qh6 56. Qf5+ Qg6 57. g4 Rf7 58. Qxg6+ Kxg6 59. Kh3 Ra7 60. Ra2 Kg5 61. a5 Ra6 62. Ra4 Rc6 63. Ra3 Ra6 64. Ra2 Ra7 65. a6 Kf4 66. Ra5 1-0

[Event "Wch U20 Girls"]
[Site "Yerevan"]
[Date "1999.09.24"]
[Round "7"]
[White "Gasparian, Mariana"]
[Black "Stajic, Snezana"]
[Result "1-0"]
[WhiteElo "2075"]
[BlackElo "2078"]
[PlyCount "130"]
[EventDate "1999.09.18"]
[EventType "swiss"]
[EventRounds "13"]
[EventCountry "ARM"]
[SourceTitle "CBM 072 Extra"]
[Source "ChessBase"]
[SourceDate "1999.11.18"]
[SourceVersion "1"]
[SourceVersionDate "1999.11.18"]
[SourceQuality "1"]

1. Nf3 Nf6 2. g3 g6 3. Bg2 Bg7 4. 0-0 0-0 5. d3 c5 6. Nbd2 Nc6 7. e4 d5 8. Re1 e5 9. exd5 Nxd5 10. Nc4 Re8 11. Nfd2 f6 12. Ne4 Bf8 13. a4 Be6 14. Ne3 Nxe3 15. Bxe3 Nd4 16. Rf1 Rc8 17. b3 b6 18. f4 f5 19. Nc3 exf4 20. Bxf4 Qd7 21. Qd2 Bg7 22. Rac1 Bf7 23. Kh1 Ne6 24. Bh6 Bh8 25. Rce1 Nc7 26. Nd1 Bd5 27. Ne3 Bxg2+ 28. Qxg2 Ne6 29. g4 fxg4 30. Nxg4 Nd4 31. Re4 Rxe4 32. dxe4 Qe6 33. c3 Nxb3 34. Qf3 Bg7 35. Nf6+ Kh8 36. Bxg7+ Kxg7 37. Qf4 Na5 38. Ng4 Qe7 39. e5 Nc6 40. e6 Rf8 41. Qh6+ Kg8 42. Re1 Nd8 43. Qe3 Re8 44. Qe5 Qb7+ 45. Kg1 Rxe6 46. Nh6+ Kf8 47. Qh8+ Ke7 48. Rd1 Nf7 49. Nxf7 Qe4 50. Qd8+ Kxf7 51. Rf1+ Qf5 52. Rxf5+ gxf5 53. Qd7+ Re7 54. Qxf5+ Kg7 55. Qg5+ Kf7 56. Kf2 Re6 57. Kf3 h6 58. Qd5 Kf6 59. Kf4 a5 60. h4 Ke7 61. Qb7+ Kf6 62. Qd7 h5 63. c4 Re1 64. Qd6+ Re6 65. Qf8+ Kg6 1-0

[Event "Wch U20 Girls"]
[Site "Yerevan"]
[Date "1999.09.22"]
[Round "5"]
[White "Gasparian, Mariana"]
[Black "Aginian, Nelly"]
[Result "0-1"]
[WhiteElo "2075"]
[BlackElo "2170"]
[PlyCount "70"]
[EventDate "1999.09.18"]
[EventType "swiss"]
[EventRounds "13"]
[EventCountry "ARM"]
[SourceTitle "CBM 072 Extra"]
[Source "ChessBase"]
[SourceDate "1999.11.18"]
[SourceVersion "1"]
[SourceVersionDate "1999.11.18"]
[SourceQuality "1"]

1. c4 e5 2. Nc3 Nf6 3. g3 d5 4. cxd5 Nxd5 5. Bg2 Nb6 6. Nf3 Nc6 7. a3 Be7 8. b4 a6 9. 0-0 0-0 10. d3 Be6 11. Ne4 a5 12. b5 Nd4 13. Nxd4 exd4 14. Qc2 Bd5 15. Bf4 Rc8 16. Bh3 f5 17. Nc5 c6 18. Nb3 cxb5 19. Qb1 Bxb3 20. Qxb3+ Qd5 21. Rfb1 Rc5 22. Bg2 Qxb3 23. Rxb3 Nd5 24. Bxd5+ Rxd5 25. Rab1 b4 26. Bd2 a4 27. R3b2 b3 28. Ra1 Rc8 29. Kg2 Rb5 30. Bc1 Rbc5 31. Rbb1 Rc2 32. Kf3 Ra2 33. Bb2 Rc2 34. Bxd4 Rxa1 35. Rxa1 b2 0-1

[Event "EU-ch U16 Girls"]
[Site "Tallinn"]
[Date "1997.??.??"]
[Round "9"]
[White "Gasparian, Mariana"]
[Black "Romanova, Ekaterina"]
[Result "1/2-1/2"]
[WhiteElo "2045"]
[BlackElo "2165"]
[PlyCount "138"]
[EventDate "1997.??.??"]
[EventType "swiss"]
[EventRounds "9"]
[EventCountry "EST"]
[SourceTitle "EXT 1998"]
[Source "ChessBase"]
[SourceDate "1997.11.17"]
[SourceVersion "1"]
[SourceVersionDate "1997.11.17"]
[SourceQuality "1"]

1. d4 Nf6 2. c4 d6 3. Nc3 Nbd7 4. e4 e5 5. Nf3 g6 6. Bg5 Bg7 7. dxe5 dxe5 8. Nxe5 h6 9. Nxd7 hxg5 10. Nxf6+ Qxf6 11. Qc2 c6 12. Bd3 Qe5 13. g3 Bh3 14. 0-0-0 0-0-0 15. f3 Qc5 16. Rhe1 Be6 17. Na4 Qe5 18. Re2 c5 19. Red2 Rd4 20. Qb3 Kb8 21. Nc3 Rd6 22. Bf1 Rhd8 23. Rxd6 Rxd6 24. Rxd6 Qxd6 25. Nd5 Bxd5 26. cxd5 Be5 27. Bb5 Qb6 28. Ba4 Qa5 29. Qc4 Qe1+ 30. Bd1 Qe3+ 31. Kc2 Qf2+ 32. Qe2 Qd4 33. Kc1 a6 34. Qd2 Qxd2+ 35. Kxd2 Kc7 36. b3 b5 37. Be2 Kb6 38. Kc2 f6 39. Bf1 Ka5 40. a3 Kb6 41. a4 Ka5 42. axb5 axb5 43. Bh3 Kb4 44. Be6 c4 45. bxc4 bxc4 46. Bf7 Kc5 47. Bxg6 Kd4 48. h4 gxh4 49. gxh4 Bf4 50. Bf5 Ke5 51. h5 Kd6 52. Bh3 Kc5 53. Bg4 Kd4 54. Bc8 Kc5 55. Bh3 Kd4 56. Bf1 Kc5 57. Be2 Kd4 58. Bd1 Kc5 59. Kc3 Be5+ 60. Kd2 Bf4+ 61. Ke2 Kd4 62. Kf2 f5 63. Bc2 fxe4 64. Bxe4 c3 65. d6 Bxd6 66. h6 Bf8 67. h7 Bg7 68. Kg3 Ke5 69. Kg4 Kf6 1/2-1/2

[Event "EU-ch U16 Girls"]
[Site "Tallinn"]
[Date "1997.??.??"]
[Round "2"]
[White "Theissl Pokorna, Regina"]
[Black "Gasparian, Mariana"]
[Result "0-1"]
[WhiteElo "2210"]
[BlackElo "2045"]
[PlyCount "92"]
[EventDate "1997.??.??"]
[EventType "swiss"]
[EventRounds "9"]
[EventCountry "EST"]
[SourceTitle "EXT 1998"]
[Source "ChessBase"]
[SourceDate "1997.11.17"]
[SourceVersion "1"]
[SourceVersionDate "1997.11.17"]
[SourceQuality "1"]

1. e4 c5 2. Nf3 a6 3. c3 Nf6 4. e5 Nd5 5. d4 cxd4 6. cxd4 e6 7. Nc3 Nxc3 8. bxc3 d5 9. exd6 Bxd6 10. Bd3 Nd7 11. 0-0 Qc7 12. Qc2 Nf6 13. c4 Bd7 14. Re1 h6 15. Ne5 0-0 16. Bf4 Nh5 17. Bd2 Nf6 18. Re3 Rac8 19. Qd1 Rfd8 20. Qe2 Be8 21. Rg3 Kh8 22. Re1 Bf8 23. Qf3 Bc6 24. Qe3 Be8 25. Qf3 Bc6 26. Qe3 Be8 27. Qf3 Bc6 28. Qe3 Be8 29. Rh3 Qd6 30. Rh4 Nd7 31. Ng4 f5 32. Ne5 Nxe5 33. Qxe5 Qxe5 34. Rxe5 Bf7 35. Bc3 Be7 36. Rh3 Bf6 37. Re1 Bxd4 38. Ba5 b6 39. Bb4 a5 40. Ba3 Rc7 41. Rb1 Rcd7 42. Be2 e5 43. Rhb3 Rc7 44. Bb2 Bxc4 45. Bxd4 Rxd4 46. Rc3 Bxa2 0-1